00351nam a2200145Ia 4500008004100000020001400041041000800055082001600063100003200079245002300111250000600134260003100140300001200171650002200183210716s2009 xx 000 0 und d a230636861 aeng a005.42 SATS aSathe, S R: Mohade, Anil S. aOperating systems. a1 aNew DelhibMacmillanc2009 axii,260 aOperating Systems